000 01365nam a2200385 i 4500
001 27932
003 KOSZ 005
005 20200518111436.0
008 s1978 pl f |000 0 pol
040 _cKOSZ 005
_aKOSZ 005
_dKOSZ 005/EG
041 _apol
080 _a628.1/.8
080 _a(075.8)
100 1 _a Taźbirek, Mirosława
_d(1937- )
_eAutor
245 1 0 _aPodstawy inżynierii środowiska /
_cMirosław Taźbirek.
260 _aLublin :
_bWydawnictwa Uczelniane Politechniki Lubelskiej,
_c1978.
300 _a276 s. :
_bil. ;
_c21 cm.
336 _2rdacontent
_aTekst
_btxt
337 _2rdamedia
_aBez urządzenia pośredniczącego
_bn
338 _2rdacarrier
_aWolumin
_bnc
380 _aKsiążki
380 _aPublikacje dydaktyczne
385 _mPoziom nauczania
_aSzkoły wyższe
388 _a1901-2000
388 _a1945-1989
504 _aBibliogr. s. 275-276.
521 _aSkrypt dla I roku studiów, specjalność : Urządzenia sanitarne.
650 7 _aInżynieria środowiska
655 7 _aPodręczniki akademickie
658 _aOchrona środowiska
658 _aInżynieria i technika
710 2 _aWydawnictwa Uczelniane Politechniki Lubelskiej
_4pbl
856 _uhttp://koha.tu.koszalin.pl/cgi-bin/koha/opac-detail.pl?biblionumber=27932
_yKatalog online BPK
942 _cKS
_2UKD
999 _c27932
_d27932